000 00412pab a2200157 454500
008 180718b2010 xxu||||| |||| 00| 0 eng d
100 _aRasmussen, Poul Nyrup
245 _a10 these on the future of social democracy in Europe
260 _c2010
300 _ap.13-22.
650 _aSocialism - Europe
650 _aSocialism
773 _aInternational Politics and Society
908 _aN
909 _a89411
999 _c89411
_d89411